000 00518nam a22001697a 4500
005 20251108174829.0
008 250721s2008 xx 000 0 ara d
082 1 4 _a291.3/سعو
100 1 _aأبو السعود، صلاح
245 1 0 _aالبوذية عقيدة دينية أم دعوة إصلاحية /
264 1 _aالقاهرة :
_bمكتبة النافذة،
_c2008.
300 _a208ص.
650 1 7 _aالبوذية
650 1 7 _aالديانات القديمة
942 _2ddc
_cBK
999 _c119171
_d119171